| 000 | 00353nam a2200133 a 4500 | ||
|---|---|---|---|
| 005 | 20140414132102.0 | ||
| 008 | 100703s19uu xx 00 eng d | ||
| 050 |
_aM 507.8 _bK34 1992 |
||
| 100 | _aKenda, Margaret | ||
| 245 | _aScience wizardry for kids. | ||
| 260 |
_aNew York : _bScholastic, _c1992. |
||
| 650 | _aScience experiments | ||
| 999 |
_c114478 _d114478 |
||